Gravidita po liečbe karcinómu prsníka

Bibliographic Details
Main Author: (ou) (Author)
Format: Article
Language:Slovak
PhysicalDescription:Fotogr.
ISSN:1335-4477
Subjects:

MARC

LEADER 00000nab a2200000 a 4500
001 vtls001492620
003 SK-MaSNL
005 20260304214819.0
008 140303c2004 xo wrzp 0 0slo
015 |a SNBRB2005/02  |2 snkbucl 
040 |a SNKBUCL  |b slo  |c SNKBUCL  |e AACR2 
041 0 |a slo 
044 |a xo  |c SK 
080 |a 618.19-006.6-08:618.2  |2 1997 
080 |a 618.2:618.19-006.6-08  |2 1997 
100 0 |a (ou)  |4 aut  |9 839640 
245 1 0 |a Gravidita po liečbe karcinómu prsníka  |c [spracoval] (ou) 
300 |b Fotogr. 
500 |a prevzaté: (krebs:hilfe 6, 2003, 47 - 48) 
650 0 7 |a karcinómy  |2 snkbucl  |9 236564 
650 0 7 |a prsníky  |2 snkbucl  |9 67661 
650 0 7 |a tehotenstvo  |2 snkbucl  |9 2477 
650 0 7 |a terapia  |2 snkbucl  |9 781 
773 0 |t Zdravotnícke noviny  |g Roč. IX, č. 40 (2004)  |x 1335-4477 
773 0 8 |t Lekárske listy  |g Č. 40 (2004), s. 8 
852 |a SNK  |b KIS3GCP 
958 |a MI 
999 |c 3143389  |d 3145319